000 04456cpcaa2200829 4500
001 mm 76042309
003 DLC
005 20260227111617.0
007 cr |||||||||||
008 760517|||||||||||| eng
010 _amm 76042309
_bms 63000399
040 _aDLC
_cDLC
_dDLC
_edacs
072 7 _aN
_2lcmd
100 1 _aTappan, Benjamin,
_d1773-1857.
245 0 0 _aBenjamin Tappan papers,
_f1795-1900
_g(bulk 1795-1866).
300 _a3,650
_fitems.
300 _a25
_fcontainers.
300 _a11
_fmicrofilm reels.
300 _a6
_flinear feet.
506 0 _aOpen to research.
520 8 _aCorrespondence, speeches, legal and business papers, and genealogical material relating to Ohio and national politics (primarily Jacksonian), abolition and the antislavery movement, family matters, and Tappan's interests in mineralogy and conchology. Correspondents include William Allen, John Gould Anthony, Matthew Birchard, Ethan Allen Brown, John C. Bryan, William H. Cabell, David Clendenin, De Witt Clinton, David T. Disney, Joseph Drayton, Ogden Edwards, George H. Flood, Augustus A. Gould, Charles Hammond, John Hastings, Elijah Hayward, Joshua Leavitt, S. Medary, William Medill, Marcus Morton, Joseph Neef, Lucy Way Sistare Say, John Sloane, Edwin McMasters Stanton, Elisha Whittlesey, John C. Wright, and several members of the Tappan family.
530 _aMicrofilm edition available,
_dno. 16,702.
533 _aMicrofilm produced from originals in the Manuscript Division.
_bWashington, D.C. :
_cLibrary of Congress Photoduplication Service,
_d1976.
545 0 _aJurist and U.S. senator from Ohio.
546 _aCollection material in English.
555 8 _aFinding aid available in the Library of Congress Manuscript Reading Room and at
_uhttp://hdl.loc.gov/loc.mss/eadmss.ms010080
600 1 0 _aAllen, William,
_d1803-1879
_vCorrespondence.
600 1 0 _aAnthony, John Gould,
_d1804-1877
_vCorrespondence.
600 1 0 _aBirchard, Matthew,
_d1803-1876
_vCorrespondence.
600 1 0 _aBrown, Ethan Allen,
_d1776-1852
_vCorrespondence.
600 1 0 _aBryan, John C.
_vCorrespondence.
600 1 0 _aCabell, William H.,
_d1772-1853
_vCorrespondence.
600 1 0 _aClendenin, David
_vCorrespondence.
600 1 0 _aClinton, DeWitt,
_d1769-1828
_vCorrespondence.
600 1 0 _aDisney, David T.
_q(David Tiernan),
_d1803-1857
_vCorrespondence.
600 1 0 _aDrayton, Joseph
_vCorrespondence.
600 1 0 _aEdwards, Ogden,
_d1781-1862
_vCorrespondence.
600 1 0 _aFlood, George H.
_vCorrespondence.
600 1 0 _aGould, Augustus A.
_q(Augustus Addison),
_d1805-1866
_vCorrespondence.
600 1 0 _aHammond, Charles,
_d1779-1840
_vCorrespondence.
600 1 0 _aHastings, John,
_d1778-1854
_vCorrespondence.
600 1 0 _aHayward, Elijah,
_d1786-1864
_vCorrespondence.
600 1 0 _aLeavitt, Joshua,
_d1794-1873
_vCorrespondence.
600 1 0 _aMedary, S.
_q(Samuel),
_d1801-1864
_vCorrespondence.
600 1 0 _aMedill, William,
_d1802-1865
_vCorrespondence.
600 1 0 _aMorton, Marcus,
_d1819-1891
_vCorrespondence.
600 1 0 _aNeef, Joseph,
_d1770-1854
_vCorrespondence.
600 1 0 _aSay, Lucy Way Sistare,
_d1801-1886
_vCorrespondence.
600 1 0 _aSloane, John,
_d1793-1871
_vCorrespondence.
600 1 0 _aStanton, Edwin McMasters,
_d1814-1869
_vCorrespondence.
600 1 0 _aWhittlesey, Elisha,
_d1783-1863
_vCorrespondence.
600 1 0 _aWright, John C.
_q(John Crafts),
_d1783-1861
_vCorrespondence.
600 3 0 _aTappan family.
600 3 0 _aTappan family
_vCorrespondence.
650 0 _aAbolitionists.
650 0 _aAntislavery movements.
650 0 _aMineralogy.
650 0 _aShells.
650 0 _aSlavery
_zUnited States.
651 0 _aOhio
_xPolitics and government
_y1787-1865.
651 0 _aOhio
_xPolitics and government
_y1865-1950.
651 0 _aUnited States
_xPolitics and government
_y1783-1865.
651 0 _aUnited States
_xPolitics and government
_y1829-1837.
651 0 _aUnited States
_xPolitics and government
_y1865-1900.
656 7 _aJurists.
_2itoamc
656 7 _aSenators, U.S. Congress
_zOhio.
_2itoamc
856 4 _3Finding aid
_uhttp://hdl.loc.gov/loc.mss/eadmss.ms010080
856 4 _3Finding aid (PDF)
_uhttp://hdl.loc.gov/loc.mss/eadmss.ms010080.3
999 _c39407
_d39407